Estimating Costing and Valuation (Record no. 13390)
[ view plain ]
| 000 -LEADER | |
|---|---|
| fixed length control field | 00318nam a2200133Ia 4500 |
| 008 - FIXED-LENGTH DATA ELEMENTS--GENERAL INFORMATION | |
| fixed length control field | 220613s9999||||xx |||||||||||||| ||und|| |
| 100 ## - MAIN ENTRY--PERSONAL NAME | |
| Author Name | Rangwala,S.C. |
| 245 #0 - TITLE STATEMENT | |
| Title | Estimating Costing and Valuation |
| 250 ## - EDITION STATEMENT | |
| Edition | 2015 |
| 260 ## - PUBLICATION, DISTRIBUTION, ETC. (IMPRINT) | |
| Name of publisher | Gujarat: Charotar Publishing House |
| 300 ## - PHYSICAL DESCRIPTION | |
| Page No | 895 |
| 650 ## - SUBJECT ADDED ENTRY--TOPICAL TERM | |
| Subject | CE |
| 942 ## - ADDED ENTRY ELEMENTS (KOHA) | |
| Koha item type | Engineering |
| Withdrawn status | Lost status | Damaged status | Not for loan | Home library | Current library | Total Checkouts | Barcode | Koha item type |
|---|---|---|---|---|---|---|---|---|
| School of Science and Technology | School of Science and Technology | ET0006182 | Engineering | |||||
| School of Science and Technology | School of Science and Technology | ET0006183 | Engineering | |||||
| School of Science and Technology | School of Science and Technology | ET0006184 | Engineering | |||||
| School of Science and Technology | School of Science and Technology | ET0006185 | Engineering | |||||
| School of Science and Technology | School of Science and Technology | ET0006186 | Engineering | |||||
| School of Science and Technology | School of Science and Technology | ET0006187 | Engineering | |||||
| School of Science and Technology | School of Science and Technology | ET0006188 | Engineering | |||||
| School of Science and Technology | School of Science and Technology | ET0006189 | Engineering | |||||
| School of Science and Technology | School of Science and Technology | ET0006190 | Engineering | |||||
| School of Science and Technology | School of Science and Technology | ET0006191 | Engineering | |||||
| School of Science and Technology | School of Science and Technology | ET0006192 | Engineering | |||||
| School of Science and Technology | School of Science and Technology | ET0006193 | Engineering | |||||
| School of Science and Technology | School of Science and Technology | ET0006194 | Engineering | |||||
| School of Science and Technology | School of Science and Technology | ET0006195 | Engineering | |||||
| School of Science and Technology | School of Science and Technology | ET0006196 | Engineering |
